Тест на общие знания №51 - Statistics

General Stats
  • This quiz has been taken 40 times
  • The average score is 8 of 20
Answer Stats
Вопрос Ответ % Correct
Название какого автомобильного бренда представляет собой аббревиатуру, расшифровывающуюся как "Баварские моторные заводы"? BMW
97%
Вместо чего на древней Руси использовали бересту? бумага
90%
На что, согласно фразеологизму, наступает постоянно наступает не учащийся на своих ошибках человек? грабли
90%
К какому типу картин относятся "Купчиха за чаем", "Девочка с персиками" и "Мона Лиза"? портрет
76%
Какая фамилия у теннисиста Стэна, кинорежиссёра Кевина и киноактёра Уилла? Смит
66%
Какой смертный грех олицетворяет улитка? лень
59%
Кого впервые сыграли Джордж Клуни в 1997-м, Кристиан Бейл в 2005-м и Роберт Паттинсон в 2022-м? Бэтмен
45%
90% домов какой страны отапливаются за счёт геотермальных источников? Исландия
41%
Какая английская мера длины равна примерно 0,914 м? ярд
38%
За какой фильм получил премию "Оскар" Никита Михалков? "Утомлённые солнцем"
38%
Какое мифологическое существо представляет собой человека с козьими ногами и рогами? сатир
34%
Какой европеец основал города в Египте, Индии и Афганистане? Александр Македонский
31%
Кого боится коулрофоб? клоуны
21%
В каком городе в разное время жили Рене Магритт, Виктор Гюго и Карл Маркс? Брюссель
21%
Какая карта из колоды таро идёт под порядковым номером 0? шут
21%
Как называются греческий бог, земноводное и планета? Тритон
21%
Как называется разновидность химикатов для уничтожения растительности? гербицид
21%
Сколько будет 451°F при переводе в °C? 232,78°C
14%
Чьё настоящее имя - Салот Сар? Пол Пот
10%
Какое растение также известно как хлебное дерево? джекфрут
7%
No matching quizzes found
Score Distribution
Percent of People with Each Score
Percentile by Number Answered
Your Score History
You have not taken this quiz